| 000 | 00448nam a2200193Ia 4500 | ||
|---|---|---|---|
| 001 | 27642 | ||
| 008 | 140414s9999 xx 000 0 und d | ||
| 020 | _a0-333-61696-0 | ||
| 040 | _cPK-LaUMT | ||
| 082 |
_a 291 _bNIG-W |
||
| 100 | _aS. A. Nigosian | ||
| 245 |
_aWorld faiths _cS. A. Nigosian |
||
| 250 | _a2nd | ||
| 260 |
_aNew York,USA: _bSt. Martin's Press, _c1994 |
||
| 300 | _a529 p. | ||
| 546 | _aEN | ||
| 650 | _aReligion | ||
| 942 | _cBK | ||
| 999 |
_c27776 _d27776 |
||